[Event "European Women's Championship"]
[Site "Vysoke Tatry"]
[Date "2018.04.10"]
[Round "3"]
[White "Mammadova, Gulnar"]
[Black "Zawadzka, Jolanta"]
[Result "0-1"]
[Board "13"]
[WhiteElo "2360"]
[WhiteTitle "IM"]
[WhiteCountry "AZE"]
[WhiteFideId "13403508"]
[WhiteEloChange "-8"]
[BlackElo "2442"]
[BlackTitle "WGM"]
[BlackCountry "POL"]
[BlackFideId "1122320"]
[BlackEloChange "4"]

1. e4 {[%clk 1:30:57]} c5 {[%clk 1:30:54]} 2. Nf3 {[%clk 1:31:16]} e6 {[%clk
1:31:18]} 3. b3 {[%clk 1:31:25]} Nc6 {[%clk 1:31:37]} 4. Bb2 {[%clk 1:31:35]} d5
{[%clk 1:31:58]} 5. exd5 {[%clk 1:31:30]} exd5 {[%clk 1:32:22]} 6. Bb5 {[%clk
1:31:43]} Nf6 {[%clk 1:32:45]} 7. O-O {[%clk 1:29:31]} Bd6 {[%clk 1:33:00]} 8.
Re1+ {[%clk 1:26:59]} Be6 {[%clk 1:33:06]} 9. d4 {[%clk 1:24:30]} O-O {[%clk
1:31:17]} 10. Nc3 {[%clk 1:17:19]} cxd4 {[%clk 1:18:35]} 11. Na4 {[%clk 1:11:52]}
Qc7 {[%clk 1:05:19]} 12. h3 {[%clk 1:09:26]} Ne4 {[%clk 0:58:04]} 13. Bxc6 {[%clk
1:03:12]} bxc6 {[%clk 0:57:59]} 14. Qxd4 {[%clk 1:02:38]} f6 {[%clk 0:58:05]} 15.
c4 {[%clk 0:57:31]} Rae8 {[%clk 0:49:43]} 16. cxd5 {[%clk 0:46:12]} Bxd5 {[%clk
0:48:52]} 17. Qd3 {[%clk 0:39:50]} Re7 {[%clk 0:38:57]} 18. Re2 {[%clk 0:33:07]}
Rd8 {[%clk 0:33:17]} 19. Qc2 {[%clk 0:28:50]} Rde8 {[%clk 0:32:18]} 20. Rae1
{[%clk 0:24:10]} Qd7 {[%clk 0:30:16]} 21. Nc3 {[%clk 0:21:47]} Nxc3 {[%clk
0:30:10]} 22. Rxe7 {[%clk 0:22:07]} Rxe7 {[%clk 0:29:43]} 23. Rxe7 {[%clk
0:21:39]} Qxe7 {[%clk 0:29:55]} 24. Bxc3 {[%clk 0:21:42]} Bc7 {[%clk 0:24:11]}
25. Qf5 {[%clk 0:18:20]} Qd6 {[%clk 0:21:22]} 26. Qd3 {[%clk 0:16:23]} h6 {[%clk
0:16:25]} 27. Kf1 {[%clk 0:16:00]} Bxb3 {[%clk 0:14:21]} 28. Qa6 {[%clk 0:13:34]}
Be6 {[%clk 0:02:50]} 29. Qxa7 {[%clk 0:08:14]} Qd3+ {[%clk 0:03:14]} 30. Kg1
{[%clk 0:08:40]} Bf4 {[%clk 0:01:36]} 31. Qa8+ {[%clk 0:04:29]} Kh7 {[%clk
0:02:02]} 32. Qxc6 {[%clk 0:04:24]} Bc4 {[%clk 0:02:19]} 33. Nd2 {[%clk 0:03:30]}
Bd5 {[%clk 0:02:39]} 34. Qd7 {[%clk 0:01:04]} Bxd2 {[%clk 0:02:31]} 35. Bxd2
{[%clk 0:01:23]} Qxd2 {[%clk 0:02:54]} 36. Qf5+ {[%clk 0:01:49]} Kh8 {[%clk
0:03:06]} 37. Qc8+ {[%clk 0:01:01]} Bg8 {[%clk 0:03:32]} 38. a3 {[%clk 0:00:59]}
Qe1+ {[%clk 0:03:47]} 39. Kh2 {[%clk 0:01:25]} Qxf2 {[%clk 0:04:02]} 40. Qb8
{[%clk 0:31:45]} Kh7 {[%clk 0:33:44]} 0-1

[Event "European Women's Championship"]
[Site "Vysoke Tatry"]
[Date "2018.04.10"]
[Round "3"]
[White "Hoang, Thanh Trang"]
[Black "Rapport, Jovana"]
[Result "1-0"]
[Board "14"]
[WhiteElo "2437"]
[WhiteTitle "GM"]
[WhiteCountry "HUN"]
[WhiteFideId "12400149"]
[WhiteEloChange "3"]
[BlackElo "2328"]
[BlackTitle "WGM"]
[BlackCountry "SRB"]
[BlackFideId "937266"]
[BlackEloChange "-7"]

1. d4 {[%clk 1:30:30]} d5 {[%clk 1:29:54]} 2. c4 {[%clk 1:30:17]} dxc4 {[%clk
1:30:02]} 3. e3 {[%clk 1:29:33]} e5 {[%clk 1:29:52]} 4. Bxc4 {[%clk 1:29:06]}
exd4 {[%clk 1:30:06]} 5. exd4 {[%clk 1:29:27]} Bd6 {[%clk 1:30:25]} 6. Nf3 {[%clk
1:26:05]} Nf6 {[%clk 1:29:17]} 7. O-O {[%clk 1:25:43]} O-O {[%clk 1:29:39]} 8.
Bg5 {[%clk 1:16:38]} h6 {[%clk 1:29:48]} 9. Bh4 {[%clk 1:16:08]} Nc6 {[%clk
1:26:42]} 10. Nc3 {[%clk 1:14:05]} Bg4 {[%clk 1:24:53]} 11. h3 {[%clk 1:06:08]}
Bxf3 {[%clk 1:20:14]} 12. Qxf3 {[%clk 1:05:32]} Nxd4 {[%clk 1:20:35]} 13. Qxb7
{[%clk 1:02:58]} Nf5 {[%clk 1:20:04]} 14. Bxf6 {[%clk 0:58:08]} Qxf6 {[%clk
1:20:28]} 15. Qf3 {[%clk 0:48:51]} Qe5 {[%clk 1:13:10]} 16. g3 {[%clk 0:48:20]}
Rab8 {[%clk 1:10:36]} 17. b3 {[%clk 0:43:32]} Bb4 {[%clk 0:53:57]} 18. Nd5 {[%clk
0:41:28]} Nd4 {[%clk 0:47:07]} 19. Qe3 {[%clk 0:33:13]} Qxe3 {[%clk 0:29:24]} 20.
fxe3 {[%clk 0:32:56]} Nc6 {[%clk 0:25:46]} 21. Nxb4 {[%clk 0:28:15]} Nxb4 {[%clk
0:26:06]} 22. Rad1 {[%clk 0:27:24]} Rbe8 {[%clk 0:15:58]} 23. Rd7 {[%clk
0:22:35]} Rxe3 {[%clk 0:16:16]} 24. Rxc7 {[%clk 0:17:45]} Kh8 {[%clk 0:10:19]}
25. Rfxf7 {[%clk 0:15:57]} Rxf7 {[%clk 0:07:13]} 26. Rxf7 {[%clk 0:16:03]} Rxg3+
{[%clk 0:02:39]} 27. Kh2 {[%clk 0:15:54]} Rc3 {[%clk 0:02:57]} 28. a3 {[%clk
0:16:08]} Nd3 {[%clk 0:01:34]} 29. Rf8+ {[%clk 0:11:03]} Kh7 {[%clk 0:02:00]} 30.
Rc8 {[%clk 0:11:24]} Rc2+ {[%clk 0:02:20]} 31. Kg3 {[%clk 0:09:59]} Rd2 {[%clk
0:02:08]} 32. Rd8 {[%clk 0:10:06]} Nc5 {[%clk 0:01:57]} 33. Rxd2 {[%clk 0:10:26]}
Ne4+ {[%clk 0:02:25]} 34. Kf4 {[%clk 0:10:45]} Nxd2 {[%clk 0:02:54]} 35. Bd3+
{[%clk 0:10:50]} g6 {[%clk 0:01:46]} 36. Bc2 {[%clk 0:11:12]} Kg7 {[%clk
0:00:35]} 37. Ke3 {[%clk 0:11:23]} Nf1+ {[%clk 0:00:51]} 38. Kf2 {[%clk 0:11:43]}
Nd2 {[%clk 0:00:49]} 39. Ke2 {[%clk 0:12:05]} Nxb3 {[%clk 0:01:13]} 40. Bxb3
{[%clk 0:42:30]} Kf6 {[%clk 0:31:41]} 41. Ke3 {[%clk 0:41:53]} Ke5 {[%clk
0:31:49]} 42. Bf7 {[%clk 0:41:49]} 1-0

[Event "European Women's Championship"]
[Site "Vysoke Tatry"]
[Date "2018.04.10"]
[Round "3"]
[White "Savina, Anastasia"]
[Black "Tsolakidou, Stavroula"]
[Result "1/2-1/2"]
[Board "15"]
[WhiteElo "2358"]
[WhiteTitle "IM"]
[WhiteCountry "RUS"]
[WhiteFideId "4196872"]
[WhiteEloChange "2"]
[BlackElo "2430"]
[BlackTitle "WGM"]
[BlackCountry "GRE"]
[BlackFideId "4264312"]
[BlackEloChange "-1"]

1. Nf3 {[%clk 1:30:47]} Nf6 {[%clk 1:30:54]} 2. c4 {[%clk 1:31:11]} e6 {[%clk
1:31:19]} 3. b3 {[%clk 1:31:09]} a6 {[%clk 1:24:31]} 4. e3 {[%clk 1:25:45]} c5
{[%clk 1:20:01]} 5. Bb2 {[%clk 1:25:40]} d5 {[%clk 1:15:07]} 6. Be2 {[%clk
1:19:21]} Nc6 {[%clk 1:11:14]} 7. cxd5 {[%clk 1:05:17]} exd5 {[%clk 1:06:08]} 8.
O-O {[%clk 1:05:21]} Bd6 {[%clk 0:55:30]} 9. d4 {[%clk 1:02:20]} cxd4 {[%clk
0:52:48]} 10. Nxd4 {[%clk 1:02:06]} O-O {[%clk 0:53:05]} 11. Nc3 {[%clk 0:42:34]}
Re8 {[%clk 0:53:01]} 12. Rc1 {[%clk 0:32:07]} Bc7 {[%clk 0:38:32]} 13. Nxc6
{[%clk 0:21:59]} bxc6 {[%clk 0:38:53]} 14. Bf3 {[%clk 0:22:07]} h5 {[%clk
0:25:32]} 15. Ne2 {[%clk 0:18:01]} Qd6 {[%clk 0:22:19]} 16. g3 {[%clk 0:17:30]}
Bh3 {[%clk 0:12:22]} 17. Bg2 {[%clk 0:17:03]} Bg4 {[%clk 0:08:55]} 18. Qc2 {[%clk
0:15:54]} Rac8 {[%clk 0:09:12]} 19. Nf4 {[%clk 0:09:53]} Bb6 {[%clk 0:06:51]} 20.
Bd4 {[%clk 0:05:20]} Bxd4 {[%clk 0:03:37]} 21. exd4 {[%clk 0:05:48]} Qb4 {[%clk
0:02:28]} 22. h3 {[%clk 0:03:52]} Bd7 {[%clk 0:02:53]} 23. Qc5 {[%clk 0:04:00]}
Qb8 {[%clk 0:02:46]} 24. h4 {[%clk 0:03:40]} Bf5 {[%clk 0:02:56]} 25. Rfe1 {[%clk
0:03:31]} Rxe1+ {[%clk 0:02:27]} 26. Rxe1 {[%clk 0:04:00]} Re8 {[%clk 0:02:52]}
27. Rc1 {[%clk 0:03:05]} Rc8 {[%clk 0:01:16]} 28. Bf3 {[%clk 0:01:10]} g6 {[%clk
0:01:08]} 29. Re1 {[%clk 0:00:48]} Re8 {[%clk 0:01:33]} 30. Rc1 {[%clk 0:01:05]}
Rc8 {[%clk 0:01:59]} 31. Re1 {[%clk 0:01:13]} Re8 {[%clk 0:02:26]} 32. Rc1 {[%clk
0:01:08]} Kg7 {[%clk 0:01:45]} 33. Qa5 {[%clk 0:00:46]} Qa7 {[%clk 0:00:55]} 34.
Qc5 {[%clk 0:00:38]} Qb8 {[%clk 0:01:09]} 35. Qa5 {[%clk 0:01:06]} Qa7 {[%clk
0:01:14]} 36. Qc5 {[%clk 0:01:33]} Qb8 {[%clk 0:01:03]} 37. Qa5 {[%clk 0:02:01]}
1/2-1/2

[Event "European Women's Championship"]
[Site "Vysoke Tatry"]
[Date "2018.04.10"]
[Round "3"]
[White "Zhukova, Natalia"]
[Black "Tomilova, Elena"]
[Result "1-0"]
[Board "16"]
[WhiteElo "2426"]
[WhiteTitle "GM"]
[WhiteCountry "UKR"]
[WhiteFideId "14101513"]
[WhiteEloChange "4"]
[BlackElo "2326"]
[BlackTitle "WIM"]
[BlackCountry "RUS"]
[BlackFideId "4162340"]
[BlackEloChange "-7"]

1. c4 {[%clk 1:30:56]} e5 {[%clk 1:30:52]} 2. Nc3 {[%clk 1:31:16]} Nf6 {[%clk
1:31:14]} 3. Nf3 {[%clk 1:31:23]} Nc6 {[%clk 1:31:37]} 4. g3 {[%clk 1:31:39]} Bb4
{[%clk 1:31:53]} 5. Bg2 {[%clk 1:27:56]} O-O {[%clk 1:32:04]} 6. Nd5 {[%clk
1:19:47]} e4 {[%clk 1:27:14]} 7. Nh4 {[%clk 1:20:00]} Re8 {[%clk 1:23:14]} 8. O-O
{[%clk 1:08:11]} Bc5 {[%clk 1:10:46]} 9. d3 {[%clk 1:05:12]} exd3 {[%clk
1:10:27]} 10. Qxd3 {[%clk 1:05:23]} Ne5 {[%clk 1:09:06]} 11. Qc2 {[%clk 1:01:30]}
Nxd5 {[%clk 1:05:55]} 12. cxd5 {[%clk 0:58:42]} d6 {[%clk 1:06:06]} 13. h3 {[%clk
0:34:16]} a5 {[%clk 0:59:21]} 14. Kh2 {[%clk 0:31:50]} Ng6 {[%clk 0:57:48]} 15.
Nxg6 {[%clk 0:30:11]} hxg6 {[%clk 0:58:09]} 16. e4 {[%clk 0:20:34]} Bd7 {[%clk
0:53:23]} 17. f4 {[%clk 0:13:59]} Bb6 {[%clk 0:50:04]} 18. Bd2 {[%clk 0:12:32]}
Bb5 {[%clk 0:37:57]} 19. Rfe1 {[%clk 0:12:12]} Rc8 {[%clk 0:28:54]} 20. a4 {[%clk
0:10:01]} Ba6 {[%clk 0:28:43]} 21. Bc3 {[%clk 0:09:22]} Qe7 {[%clk 0:20:28]} 22.
Qd2 {[%clk 0:07:48]} Ra8 {[%clk 0:18:28]} 23. Rac1 {[%clk 0:08:09]} c6 {[%clk
0:14:29]} 24. e5 {[%clk 0:07:17]} cxd5 {[%clk 0:13:58]} 25. e6 {[%clk 0:03:49]}
fxe6 {[%clk 0:05:45]} 26. Rxe6 {[%clk 0:04:16]} Qf7 {[%clk 0:05:35]} 27. Rxe8+
{[%clk 0:01:39]} Qxe8 {[%clk 0:06:04]} 28. Re1 {[%clk 0:01:58]} Qd7 {[%clk
0:06:01]} 29. Qxd5+ {[%clk 0:01:35]} Kh7 {[%clk 0:06:20]} 30. Be4 {[%clk
0:01:51]} 1-0

[Event "European Women's Championship"]
[Site "Vysoke Tatry"]
[Date "2018.04.10"]
[Round "3"]
[White "Gara, Ticia"]
[Black "Vega Gutierrez, Sabrina"]
[Result "1/2-1/2"]
[Board "17"]
[WhiteElo "2330"]
[WhiteTitle "WGM"]
[WhiteCountry "HUN"]
[WhiteFideId "717444"]
[WhiteEloChange "3"]
[BlackElo "2425"]
[BlackTitle "IM"]
[BlackCountry "ESP"]
[BlackFideId "2219026"]
[BlackEloChange "-1"]

1. e4 {[%clk 1:30:57]} c5 {[%clk 1:30:51]} 2. Nf3 {[%clk 1:31:20]} e6 {[%clk
1:31:07]} 3. g3 {[%clk 1:31:35]} Nc6 {[%clk 1:31:06]} 4. Bg2 {[%clk 1:31:47]} Nf6
{[%clk 1:29:31]} 5. Qe2 {[%clk 1:31:06]} d6 {[%clk 1:27:41]} 6. O-O {[%clk
1:31:16]} Be7 {[%clk 1:28:03]} 7. c3 {[%clk 1:30:22]} e5 {[%clk 1:16:01]} 8. Rd1
{[%clk 1:21:38]} O-O {[%clk 1:16:05]} 9. d4 {[%clk 1:18:24]} exd4 {[%clk
1:01:30]} 10. cxd4 {[%clk 1:18:04]} cxd4 {[%clk 0:57:41]} 11. Nxd4 {[%clk
1:17:37]} Re8 {[%clk 0:41:47]} 12. Nc3 {[%clk 1:14:47]} Bg4 {[%clk 0:27:22]} 13.
f3 {[%clk 1:06:06]} Bd7 {[%clk 0:27:31]} 14. Be3 {[%clk 1:03:29]} Nxd4 {[%clk
0:22:23]} 15. Bxd4 {[%clk 1:00:09]} Bc6 {[%clk 0:22:40]} 16. Qf2 {[%clk 0:57:58]}
Nd7 {[%clk 0:19:13]} 17. Rac1 {[%clk 0:49:55]} Qa5 {[%clk 0:13:14]} 18. a3 {[%clk
0:44:09]} a6 {[%clk 0:13:43]} 19. Be3 {[%clk 0:36:06]} f5 {[%clk 0:06:10]} 20.
Nd5 {[%clk 0:17:49]} fxe4 {[%clk 0:06:36]} 21. fxe4 {[%clk 0:18:17]} Bf6 {[%clk
0:03:16]} 22. Bd2 {[%clk 0:10:54]} Qd8 {[%clk 0:03:34]} 23. Nxf6+ {[%clk
0:10:26]} Qxf6 {[%clk 0:02:35]} 24. Bc3 {[%clk 0:09:01]} Qxf2+ {[%clk 0:02:38]}
25. Kxf2 {[%clk 0:09:30]} Nc5 {[%clk 0:02:01]} 26. Bb4 {[%clk 0:04:30]} Bxe4
{[%clk 0:00:35]} 27. Bxc5 {[%clk 0:02:32]} dxc5 {[%clk 0:00:45]} 28. Rxc5 {[%clk
0:01:52]} Rf8+ {[%clk 0:00:34]} 29. Kg1 {[%clk 0:02:18]} Bxg2 {[%clk 0:01:00]}
30. Kxg2 {[%clk 0:02:47]} Rae8 {[%clk 0:00:48]} 31. Rd2 {[%clk 0:02:25]} Re7
{[%clk 0:00:44]} 32. Rdc2 {[%clk 0:01:46]} Rf6 {[%clk 0:00:51]} 33. Rc7 {[%clk
0:01:36]} Rxc7 {[%clk 0:00:37]} 34. Rxc7 {[%clk 0:02:03]} b5 {[%clk 0:00:34]} 35.
Ra7 {[%clk 0:01:55]} h5 {[%clk 0:00:43]} 36. b4 {[%clk 0:01:18]} Kh7 {[%clk
0:01:07]} 37. h4 {[%clk 0:01:12]} Kg6 {[%clk 0:01:33]} 38. Kh3 {[%clk 0:01:13]}
Rc6 {[%clk 0:01:41]} 39. Kg2 {[%clk 0:01:27]} Kf6 {[%clk 0:01:56]} 40. Kf2 {[%clk
0:31:25]} g6 {[%clk 0:32:11]} 41. Rd7 {[%clk 0:18:34]} Ke5 {[%clk 0:26:55]} 42.
Ke3 {[%clk 0:12:27]} Kf5 {[%clk 0:08:43]} 43. Rd5+ {[%clk 0:12:39]} Kg4 {[%clk
0:08:45]} 44. Rg5+ {[%clk 0:12:43]} Kh3 {[%clk 0:09:13]} 45. Rc5 {[%clk 0:08:09]}
Rf6 {[%clk 0:06:32]} 46. Rg5 {[%clk 0:08:11]} Rc6 {[%clk 0:06:59]} 47. Rc5 {[%clk
0:08:39]} Re6+ {[%clk 0:03:47]} 48. Kf4 {[%clk 0:08:33]} Rf6+ {[%clk 0:02:41]}
49. Kg5 {[%clk 0:08:40]} Rf3 {[%clk 0:03:09]} 50. Kxg6 {[%clk 0:08:50]} Rxg3+
{[%clk 0:01:11]} 51. Kxh5 {[%clk 0:09:17]} Rxa3 {[%clk 0:01:33]} 52. Rc6 {[%clk
0:08:52]} Ra4 {[%clk 0:00:34]} 53. Rc3+ {[%clk 0:07:49]} Kg2 {[%clk 0:01:02]} 54.
Rb3 {[%clk 0:08:01]} Kf2 {[%clk 0:00:46]} 55. Kg6 {[%clk 0:07:58]} a5 {[%clk
0:00:34]} 56. bxa5 {[%clk 0:07:47]} Rxa5 {[%clk 0:00:32]} 57. h5 {[%clk 0:07:37]}
Ra6+ {[%clk 0:00:39]} 58. Kg5 {[%clk 0:08:13]} Rb6 {[%clk 0:00:31]} 59. h6 {[%clk
0:07:44]} b4 {[%clk 0:00:52]} 60. h7 {[%clk 0:07:21]} Rb5+ {[%clk 0:01:19]} 61.
Kg4 {[%clk 0:05:05]} Rb8 {[%clk 0:01:46]} 62. Rh3 {[%clk 0:04:20]} Rh8 {[%clk
0:01:49]} 63. Kg5 {[%clk 0:03:40]} Ke2 {[%clk 0:01:08]} 64. Kg6 {[%clk 0:03:41]}
Rb8 {[%clk 0:00:34]} 65. Rb3 {[%clk 0:00:42]} Rb6+ {[%clk 0:00:54]} 66. Kg5
{[%clk 0:00:55]} Rb5+ {[%clk 0:01:21]} 67. Kg4 {[%clk 0:00:45]} Rb8 {[%clk
0:01:48]} 68. Rh3 {[%clk 0:00:43]} Kd2 {[%clk 0:01:22]} 69. h8Q {[%clk 0:00:41]}
Rxh8 {[%clk 0:01:49]} 70. Rxh8 {[%clk 0:01:09]} b3 {[%clk 0:02:07]} 71. Rb8
{[%clk 0:01:25]} Kc2 {[%clk 0:02:30]} 72. Kf3 {[%clk 0:01:50]} 1/2-1/2

[Event "European Women's Championship"]
[Site "Vysoke Tatry"]
[Date "2018.04.10"]
[Round "3"]
[White "Ushenina, Anna"]
[Black "Kulon, Klaudia"]
[Result "1-0"]
[Board "18"]
[WhiteElo "2422"]
[WhiteTitle "GM"]
[WhiteCountry "UKR"]
[WhiteFideId "14110911"]
[WhiteEloChange "4"]
[BlackElo "2319"]
[BlackTitle "WGM"]
[BlackCountry "POL"]
[BlackFideId "1131044"]
[BlackEloChange "-7"]

1. d4 {[%clk 1:30:52]} Nf6 {[%clk 1:30:56]} 2. Nf3 {[%clk 1:30:57]} g6 {[%clk
1:31:21]} 3. Nbd2 {[%clk 1:30:51]} Bg7 {[%clk 1:30:00]} 4. e4 {[%clk 1:31:09]} d6
{[%clk 1:30:25]} 5. Bb5+ {[%clk 1:31:34]} c6 {[%clk 1:28:36]} 6. Bd3 {[%clk
1:31:52]} O-O {[%clk 1:28:39]} 7. O-O {[%clk 1:32:03]} Nbd7 {[%clk 1:26:40]} 8.
Re1 {[%clk 1:29:04]} e5 {[%clk 1:25:24]} 9. c3 {[%clk 1:29:27]} b5 {[%clk
1:18:41]} 10. a4 {[%clk 1:26:41]} exd4 {[%clk 1:06:50]} 11. cxd4 {[%clk 1:21:18]}
b4 {[%clk 1:06:53]} 12. a5 {[%clk 1:18:11]} c5 {[%clk 1:00:07]} 13. Nc4 {[%clk
0:44:49]} cxd4 {[%clk 0:52:16]} 14. Nxd6 {[%clk 0:43:48]} Nc5 {[%clk 0:51:17]}
15. e5 {[%clk 0:39:25]} Ng4 {[%clk 0:44:41]} 16. Bg5 {[%clk 0:28:35]} Qc7 {[%clk
0:42:23]} 17. Rc1 {[%clk 0:18:57]} Bxe5 {[%clk 0:26:37]} 18. Rxe5 {[%clk
0:18:02]} Nxe5 {[%clk 0:26:35]} 19. Nb5 {[%clk 0:18:27]} Qxa5 {[%clk 0:24:49]}
20. Nxe5 {[%clk 0:08:34]} Nxd3 {[%clk 0:25:02]} 21. Qxd3 {[%clk 0:09:03]} Bf5
{[%clk 0:24:14]} 22. Qc4 {[%clk 0:08:18]} Rac8 {[%clk 0:10:47]} 23. Nc6 {[%clk
0:08:24]} Rxc6 {[%clk 0:10:53]} 24. Qxc6 {[%clk 0:08:48]} b3 {[%clk 0:10:55]} 25.
Bh6 {[%clk 0:07:00]} Rb8 {[%clk 0:07:44]} 26. Qf6 {[%clk 0:07:20]} 1-0

[Event "European Women's Championship"]
[Site "Vysoke Tatry"]
[Date "2018.04.10"]
[Round "3"]
[White "Charochkina, Daria"]
[Black "Bulmaga, Irina"]
[Result "0-1"]
[Board "19"]
[WhiteElo "2326"]
[WhiteTitle "IM"]
[WhiteCountry "RUS"]
[WhiteFideId "4180917"]
[WhiteEloChange "-8"]
[BlackElo "2414"]
[BlackTitle "IM"]
[BlackCountry "ROU"]
[BlackFideId "13903063"]
[BlackEloChange "4"]

1. d4 {[%clk 1:30:58]} Nf6 {[%clk 1:30:52]} 2. Bg5 {[%clk 1:31:25]} d5 {[%clk
1:29:38]} 3. Bxf6 {[%clk 1:31:48]} gxf6 {[%clk 1:26:42]} 4. e3 {[%clk 1:32:12]}
c5 {[%clk 1:26:21]} 5. dxc5 {[%clk 1:32:38]} Nc6 {[%clk 1:23:01]} 6. c3 {[%clk
1:17:31]} e6 {[%clk 1:09:18]} 7. b4 {[%clk 0:53:22]} a5 {[%clk 1:09:34]} 8. Bb5
{[%clk 0:53:42]} Bd7 {[%clk 1:08:40]} 9. Bxc6 {[%clk 0:54:05]} Bxc6 {[%clk
1:06:03]} 10. Nf3 {[%clk 0:53:15]} Rg8 {[%clk 0:55:40]} 11. O-O {[%clk 0:51:46]}
axb4 {[%clk 0:54:30]} 12. cxb4 {[%clk 0:51:44]} d4 {[%clk 0:54:03]} 13. Nbd2
{[%clk 0:49:59]} dxe3 {[%clk 0:50:48]} 14. fxe3 {[%clk 0:50:23]} Qd3 {[%clk
0:49:18]} 15. e4 {[%clk 0:30:18]} Bh6 {[%clk 0:43:19]} 16. Qe1 {[%clk 0:30:34]}
O-O-O {[%clk 0:40:06]} 17. Rd1 {[%clk 0:26:02]} f5 {[%clk 0:39:06]} 18. Nb1
{[%clk 0:09:31]} Qc2 {[%clk 0:27:08]} 19. Rxd8+ {[%clk 0:09:58]} Rxd8 {[%clk
0:27:31]} 20. Na3 {[%clk 0:07:24]} Qd3 {[%clk 0:26:32]} 21. Nb1 {[%clk 0:05:11]}
fxe4 {[%clk 0:26:40]} 22. Ne5 {[%clk 0:02:45]} Qd4+ {[%clk 0:26:50]} 23. Kh1
{[%clk 0:03:13]} Qxe5 {[%clk 0:27:14]} 24. b5 {[%clk 0:01:57]} Bxb5 {[%clk
0:27:13]} 25. Rxf7 {[%clk 0:02:20]} Ba4 {[%clk 0:25:26]} 26. Nc3 {[%clk 0:00:42]}
Qxc3 {[%clk 0:25:25]} 0-1

[Event "European Women's Championship"]
[Site "Vysoke Tatry"]
[Date "2018.04.10"]
[Round "3"]
[White "Melia, Salome"]
[Black "Belenkaya, Dina"]
[Result "1/2-1/2"]
[Board "20"]
[WhiteElo "2411"]
[WhiteTitle "IM"]
[WhiteCountry "GEO"]
[WhiteFideId "13602446"]
[WhiteEloChange "-1"]
[BlackElo "2308"]
[BlackTitle "WGM"]
[BlackCountry "RUS"]
[BlackFideId "24142654"]
[BlackEloChange "3"]

1. e4 {[%clk 1:30:58]} c6 {[%clk 1:30:55]} 2. d4 {[%clk 1:31:23]} d5 {[%clk
1:31:19]} 3. e5 {[%clk 1:31:38]} c5 {[%clk 1:31:43]} 4. dxc5 {[%clk 1:32:02]} Nc6
{[%clk 1:32:09]} 5. Nf3 {[%clk 1:32:21]} Bg4 {[%clk 1:32:02]} 6. c3 {[%clk
1:32:17]} e6 {[%clk 1:31:46]} 7. Be3 {[%clk 1:32:40]} Nge7 {[%clk 1:29:16]} 8.
Nbd2 {[%clk 1:30:54]} Nf5 {[%clk 1:24:23]} 9. Bd4 {[%clk 1:31:11]} Be7 {[%clk
1:24:09]} 10. Bb5 {[%clk 1:31:04]} Qc7 {[%clk 1:23:24]} 11. O-O {[%clk 1:31:19]}
O-O {[%clk 1:23:15]} 12. h3 {[%clk 1:30:18]} Bh5 {[%clk 1:22:43]} 13. Bxc6 {[%clk
1:30:14]} Bxf3 {[%clk 1:17:11]} 14. Nxf3 {[%clk 1:30:23]} Qxc6 {[%clk 1:16:10]}
15. g4 {[%clk 1:30:18]} Nh4 {[%clk 1:14:49]} 16. Nxh4 {[%clk 1:29:20]} Bxh4
{[%clk 1:15:13]} 17. Qe2 {[%clk 1:21:53]} Be7 {[%clk 1:05:11]} 18. b4 {[%clk
1:20:43]} Qa4 {[%clk 0:45:02]} 19. f4 {[%clk 1:01:56]} Rfc8 {[%clk 0:45:25]} 20.
f5 {[%clk 0:54:01]} b6 {[%clk 0:45:04]} 21. cxb6 {[%clk 0:51:05]} axb6 {[%clk
0:45:31]} 22. Qf2 {[%clk 0:42:01]} Kh8 {[%clk 0:42:18]} 23. f6 {[%clk 0:37:38]}
gxf6 {[%clk 0:42:31]} 24. exf6 {[%clk 0:37:58]} Bd6 {[%clk 0:42:00]} 25. Qd2
{[%clk 0:31:31]} Rc4 {[%clk 0:36:20]} 26. Rf2 {[%clk 0:29:27]} Qc6 {[%clk
0:27:39]} 27. a4 {[%clk 0:26:23]} Qc7 {[%clk 0:20:11]} 28. a5 {[%clk 0:21:03]} b5
{[%clk 0:17:34]} 29. a6 {[%clk 0:11:22]} e5 {[%clk 0:17:36]} 30. Qg5 {[%clk
0:07:33]} Rg8 {[%clk 0:17:58]} 31. Qxg8+ {[%clk 0:07:40]} Kxg8 {[%clk 0:18:27]}
32. a7 {[%clk 0:08:04]} exd4 {[%clk 0:18:32]} 33. a8Q+ {[%clk 0:08:28]} Bf8
{[%clk 0:18:03]} 34. Qxf8+ {[%clk 0:04:49]} Kxf8 {[%clk 0:18:31]} 35. Ra8+ {[%clk
0:05:14]} Qc8 {[%clk 0:18:58]} 36. Rxc8+ {[%clk 0:05:41]} Rxc8 {[%clk 0:19:25]}
37. cxd4 {[%clk 0:06:07]} Rc4 {[%clk 0:11:41]} 38. Ra2 {[%clk 0:06:25]} Ke8
{[%clk 0:12:03]} 39. Ra7 {[%clk 0:06:17]} Rxd4 {[%clk 0:11:21]} 40. Re7+ {[%clk
0:36:32]} Kf8 {[%clk 0:41:10]} 41. Rb7 {[%clk 0:32:47]} Ke8 {[%clk 0:41:11]} 42.
Rxb5 {[%clk 0:33:08]} Kd7 {[%clk 0:36:02]} 43. Rb7+ {[%clk 0:15:04]} Ke6 {[%clk
0:35:27]} 44. g5 {[%clk 0:15:29]} Kf5 {[%clk 0:34:02]} 45. Rxf7 {[%clk 0:15:47]}
Kxg5 {[%clk 0:34:19]} 46. b5 {[%clk 0:15:49]} Rb4 {[%clk 0:28:34]} 47. Rd7 {[%clk
0:10:39]} Rxb5 {[%clk 0:26:25]} 48. f7 {[%clk 0:11:04]} Rb8 {[%clk 0:26:29]} 49.
Rxd5+ {[%clk 0:11:23]} Kg6 {[%clk 0:26:05]} 50. Rd7 {[%clk 0:11:49]} Rf8 {[%clk
0:26:19]} 1/2-1/2